| 000 | 01557nam a22002297a 4500 | ||
|---|---|---|---|
| 003 | AR-RoUNCS | ||
| 005 | 20260209155101.0 | ||
| 008 | 260209t2013 ag |||||r|||| 00| 1 spa d | ||
| 020 | _a987-987-1950-04-1 | ||
| 040 |
_cAR-RoUNCS _aAR-RoUNCS |
||
| 080 | _082-34(821.6) | ||
| 100 | 1 |
_aBritos, Marcelo, _d1970- _eautor |
|
| 245 | 1 | 3 |
_aEl último azul de la noche / _cMarcelo Britos. |
| 250 | _a1a ed. | ||
| 260 |
_aRosario : _bEl Ombú Bonsai, _c2013. |
||
| 300 |
_a132 p. ; _c20 cm. |
||
| 490 | 0 | _aColección Raíces Aéreas | |
| 520 | _a"'El último azul de la noche' de Marcelo Britos reúne cinco cuentos: 'El caballo del hombre solitario (Tuyutí, 1864)'; 'Una mujer que dormía con el vientro (Patagonia argentina, 1921)';'Niebla (Islas Malvinas, 1982)', 'La orquesta roja (Rosario, 1988)'; y finalmente, el que le da título a esta compilación: 'El último azul de la noche (Villa Constitución, 2010)'. En un principio, debido a la definición cronotópica de cada uno de los paréntesis que componen los títulos de los cuentos, parece remitir a diferentes momentos de la historia argentina. Sin embargo, los relatos van y vienen en el tiempo y aquellos momentos de la historia se cruzan en una colección de relatos que reflexionan en torno de la idea de Nación. Ésta se esconde detrás de los discursos de la guerra, la traición, la desigualdad, el silencio, entre personajes signados por la nostalgia ligada al pasado y a la muerte." | ||
| 650 | 7 |
_aLiteratura argentina _2embne |
|
| 655 | 7 |
_aCuentos históricos _2embne |
|
| 942 |
_2udc _cOG _n0 |
||
| 999 |
_c895 _d895 |
||